| 000 | 01067nam a22003257a 4500 | ||
|---|---|---|---|
| 003 | CHAP | ||
| 005 | 20220329135806.0 | ||
| 008 | 971013s1989 r 00010 d | ||
| 010 | _a42259 | ||
| 011 | _a43231 | ||
| 035 | _a47367 | ||
| 040 | _cCHAP | ||
| 082 |
_a634.9 _bM34 |
||
| 100 | 0 | 0 |
_aMackenzie, James J. _eed. _969444 |
| 245 | _aAir pollution's toll on forests and crops | ||
| 260 |
_aNew Haven : _bYale University, _c1989 |
||
| 300 | _a376 p. | ||
| 490 | _aA world Resources Institute Book | ||
| 590 |
_aBATCH-UPD _b10 _c20130110 _lUCH01 _h2125 |
||
| 590 |
_aBATCH-UPD _b10 _c20130410 _lUCH01 _h1434 |
||
| 590 |
_aBATCH-UPD _b10 _c20130914 _lUCH01 _h0713 |
||
| 590 |
_aCONVERSION _b10 _c20130109 _lUCH01 _h1323 |
||
| 650 | 1 | 4 |
_aAire _xContaminacion _xEfecto en plantas. _93144 |
| 650 | 1 | 4 |
_aBosques _xDaños por contaminación. _914120 |
| 700 | 0 |
_aEl-Ashry, Mohamed T. _eed. _936171 |
|
| 830 | 0 |
_aA world Resources Institute Book _9109 |
|
| 901 | _aBK | ||
| 942 | _cLIBRO | ||
| 949 |
_a634.9 M34 _bBC _cLIBRO _d33724000009072 _eLIBRO _gI.c/e _h88911 _i47367 _si _t64.90 |
||
| 999 |
_c42259 _d42259 |
||